| 000 | 00827nas a2200277 4500 | ||
|---|---|---|---|
| 001 | BR0003680 | ||
| 003 | BR-BrBNA | ||
| 005 | 20231205101947.0 | ||
| 007 | ta | ||
| 008 | 230509b bl.|||p| |||| 00| 00por d | ||
| 040 |
_aBR-BrBNA _bpor _cBiblioteca Nacional de Agricultura |
||
| 041 | _a(En) | ||
| 072 | _aF60 | ||
| 100 | 1 | _aPelicice, F.M. | |
| 100 | 1 | _aDietrich, S.M.C. | |
| 100 | 1 | _aBraga, M. R. | |
| 245 | 1 | _aPhytoalexin response of fifteen brazilian soybean cultivars | |
| 650 | _aSoja | ||
| 650 | _aFitoalexina | ||
| 650 | _aAnalise Quimica | ||
| 650 | _aResposta da Planta | ||
| 650 | _aVariedade Resistente | ||
| 773 | 0 |
_tRevista Brasileira de Fisiologia Vegetal (Brazil) _xISSN 0103-3131 _g(Jan-Apr 2000), v. 12(1) p. 45-53 _wBR0003680 |
|
| 909 |
_a202311 _bLúcia _c55 _dLúcia Elande |
||
| 942 |
_2AGRIS _n0 _cANA |
||
| 999 |
_c164952 _d164952 |
||